Mi corazón, mi casa y mi memoria / (Record no. 11976)

MARC details
000 -LEADER
campo de control de longitud fija 00766nam a22002415i 4500
001 - NÚMERO DE CONTROL
campo de control 11976
003 - IDENTIFICADOR DE NÚMERO DE CONTROL
campo de control ES-MaACL
005 - FECHA Y HORA DE LA ÚLTIMA TRANSACCIÓN
campo de control 20250514194754.0
007 - CAMPO FIJO DE DESCRIPCIÓN FÍSICA--INFORMACIÓN GENERAL
campo de control de longitud fija t|
008 - DATOS DE LONGITUD FIJA--INFORMACIÓN GENERAL
campo de control de longitud fija 960119s1995 sp ||||0| spa j
020 ## - NÚMERO INTERNACIONAL ESTÁNDAR DEL LIBRO
Número Internacional Estándar del Libro 84-7784-160-8
040 ## - FUENTE DE CATALOGACIÓN
Centro catalogador/agencia de origen M-BN
Lengua de catalogación spa
Centro/agencia transcriptor M-BN
080 ## - NÚMERO DE LA CLASIFICACIÓN DECIMAL UNIVERSAL
Número de la Clasificación Decimal Universal 860-14"19"
100 1# - ENTRADA PRINCIPAL--NOMBRE DE PERSONA
Nombre de persona López Gorgé, Jacinto,
Fechas asociadas al nombre 1925-2008
9 (RLIN) 73685
245 10 - MENCIÓN DEL TÍTULO
Título Mi corazón, mi casa y mi memoria /
Mención de responsabilidad, etc. Jacinto López Gorgé.
260 ## - PUBLICACIÓN, DISTRIBUCIÓN, ETC.
Lugar de publicación, distribución, etc. Alicante :
Nombre del editor, distribuidor, etc. Instituto de Cultura "Juan Gil-Albert",
Fecha de publicación, distribución, etc. 1995.
300 ## - DESCRIPCIÓN FÍSICA
Extensión 65 p ;
Dimensiones 21 cm.
490 1# - MENCIÓN DE SERIE
Mención de serie Libros del aire ;
Designación de volumen o secuencia 2
710 2# - ENTRADA AGREGADA--NOMBRE DE ENTIDAD CORPORATIVA
Nombre de entidad corporativa o nombre de jurisdicción como elemento de entrada Instituto de Estudios "Juan Gil-Albert"
9 (RLIN) 4913
830 0# - PUNTO DE ACCESO ADICIONAL DE SERIE-TÍTULO UNIFORME
Título uniforme Libros del aire ;
Designación de volumen o secuencia 2
9 (RLIN) 228236
852 ## - LOCALIZACIÓN
Ubicación ES-MaACL
Número de control de estantería L-19247
Sublocalización o colección R.125775
Holdings
Estatus retirado Estado de pérdida Estado de daño No para préstamo Biblioteca de origen Biblioteca actual Ubicación en estantería Fecha de adquisición Fuente de adquisición Total de préstamos Signatura topográfica completa Código de barras Visto por última vez Precio de reemplazo Tipo de ítem Koha
        Biblioteca del Ateneo de Madrid Biblioteca del Ateneo de Madrid Depósito 2 17/01/2008     L-19247 1012203 23/02/2023 23/02/2023 Libro impreso